[Event "VIII CAMPEONATO CONTINENTAL DE LAS AMERI"]
[Site "Hotel Casa Campestre - Cochaba"]
[Date "2013.05.12"]
[Round "8"]
[White "Gutierrez, Carmelo"]
[Black "Bachmann, Axel"]
[Result "1/2-1/2"]
[WhiteElo "2253"]
[BlackElo "2531"]
[PlyCount "114"]
[EventDate "2013.05.07"]
[EventRounds "11"]
[EventCountry "BOL"]

1. d4 Nf6 2. Nf3 e6 3. g3 b5 4. Bg2 Bb7 5. O-O c5 6. Bg5 d5 7. c3 Nbd7 8. Nbd2
Be7 9. e3 O-O 10. Qe2 a5 11. dxc5 Nxc5 12. Bxf6 Bxf6 13. Nb3 Qb6 14. Nxc5 Qxc5
15. Rfc1 Rfc8 16. Nd4 b4 17. Qd2 Qb6 18. a3 bxc3 19. Rxc3 Rxc3 20. Qxc3 Rc8 21.
Qd2 g6 22. h4 h5 23. Rd1 a4 24. Kh2 Ba6 25. Kg1 Rc7 26. Bf1 Bxf1 27. Kxf1 Rc4
28. Kg1 Kg7 29. Qe2 Kg8 30. Qd2 Bg7 31. Kg2 Rc5 32. Kg1 Qc7 33. Qb4 Rc4 34. Qb5
Be5 35. Kg2 Kg7 36. Rd2 Qa7 37. Rc2 Bxd4 38. Rxc4 dxc4 39. exd4 Qxd4 40. Qxa4
Qxb2 41. Qxc4 Qxa3 42. Qd4+ Kg8 43. Kh2 Qa8 44. Qf4 Qd5 45. Qe3 e5 46. Kg1 Kg7
47. Qg5 Qd4 48. Qc1 e4 49. Qf4 Qd5 50. Qe3 Qd3 51. Qf4 Qf3 52. Qe5+ Kh7 53. Qd5
Qf5 54. Qd4 f6 55. Qa7+ Kh6 56. Qf7 Qe5 57. Qf8+ Kh7 1/2-1/2

[Event "VIII CAMPEONATO CONTINENTAL DE LAS AMERI"]
[Site "Hotel Casa Campestre - Cochaba"]
[Date "2013.05.12"]
[Round "8"]
[White "Gonzalez, Bernal"]
[Black "Leiva, Giuseppe"]
[Result "1/2-1/2"]
[WhiteElo "2461"]
[BlackElo "2388"]
[PlyCount "99"]
[EventDate "2013.05.07"]
[EventRounds "11"]
[EventCountry "BOL"]

1. d4 Nf6 2. c4 e6 3. g3 c5 4. d5 exd5 5. cxd5 b5 6. e4 Nxe4 7. Qe2 Qe7 8. Bg2
f5 9. d6 Qe6 10. Nc3 Bxd6 11. Nh3 Nc6 12. Nxe4 fxe4 13. Ng5 Qc4 14. Nxe4 Qxe2+
15. Kxe2 Be7 16. Be3 Bb7 17. Bxc5 O-O 18. Bxe7 Nxe7 19. Rhd1 Nd5 20. Rxd5 Bxd5
21. Nf6+ Rxf6 22. Bxd5+ Re6+ 23. Bxe6+ dxe6 24. Rc1 Kf7 25. Rc7+ Kf6 26. f4 h6
27. h4 a6 28. g4 Rd8 29. Rc6 Rd4 30. Kf3 h5 31. Rxa6 hxg4+ 32. Kxg4 Rd2 33. b3
g6 34. Ra5 Rb2 35. Rxb5 Rxa2 36. h5 gxh5+ 37. Rxh5 Rc2 38. Rh6+ Kf7 39. Rh3 Rd2
40. Rc3 Kf6 41. Rc6 Rd3 42. Rb6 Re3 43. b4 Rc3 44. Rb5 Rc4 45. Rb6 Rc3 46. b5
Rc4 47. Rb8 Rb4 48. b6 Rd4 49. Kg3 Rb4 50. Kf3 1/2-1/2

[Event "VIII CAMPEONATO CONTINENTAL DE LAS AMERI"]
[Site "Hotel Casa Campestre - Cochaba"]
[Date "2013.05.12"]
[Round "8"]
[White "Ruiz C, Joshua D"]
[Black "Hambleton, Aman"]
[Result "0-1"]
[WhiteElo "2370"]
[BlackElo "2468"]
[PlyCount "108"]
[EventDate "2013.05.07"]
[EventRounds "11"]
[EventCountry "BOL"]

1. e4 e6 2. Qe2 Nc6 3. c3 d5 4. d3 e5 5. Qc2 Nf6 6. Nf3 h6 7. Be2 Bd6 8. Nbd2
O-O 9. O-O Re8 10. Re1 Ne7 11. Bf1 Ng6 12. g3 c6 13. Bg2 a5 14. Nf1 b6 15. Ne3
Ba6 16. c4 dxe4 17. dxe4 Bc5 18. b3 Qc7 19. h3 Rad8 20. Nf5 Bc8 21. Kh2 Qd7 22.
Ne3 Qd3 23. Qxd3 Rxd3 24. Re2 Red8 25. Ne1 R3d7 26. N1c2 b5 27. a4 b4 28. Ne1
Nf8 29. N3c2 Ne6 30. Bf3 Rd6 31. Kg2 Ng5 32. Bxg5 hxg5 33. Ne3 g6 34. Raa2 Kg7
35. Ng4 Nxg4 36. hxg4 Rd1 37. Rab2 Rc1 38. Kf1 Rd3 39. Kg2 Rdd1 40. Nc2 Rb1 41.
Ne3 Rg1+ 42. Kh2 Bd4 43. Rbc2 Kf8 44. Red2 Rge1 45. Rd3 Be6 46. Rcd2 Rec1 47.
Rd1 Ke7 48. Rxc1 Rxc1 49. Kg2 Kd6 50. Be2 Kc5 51. Kf3 Rb1 52. Kg2 Bxe3 53. Rxe3
Rc1 54. Rd3 Rc3 0-1

[Event "VIII CAMPEONATO CONTINENTAL DE LAS AMERI"]
[Site "Hotel Casa Campestre - Cochaba"]
[Date "2013.05.12"]
[Round "8"]
[White "Zambrana, Oswaldo"]
[Black "Latorre, Matias"]
[Result "1/2-1/2"]
[WhiteElo "2478"]
[BlackElo "2254"]
[PlyCount "52"]
[EventDate "2013.05.07"]
[EventRounds "11"]
[EventCountry "BOL"]

1. e4 c5 2. Nf3 d6 3. d4 cxd4 4. Nxd4 Nf6 5. Nc3 a6 6. Bg5 e6 7. Qe2 Nbd7 8.
O-O-O Be7 9. f4 Qc7 10. Nf3 h6 11. Bh4 e5 12. g3 O-O 13. Bh3 Nb6 14. Bxc8 Raxc8
15. f5 Ne8 16. Rd3 Bxh4 17. gxh4 Nf6 18. Rg1 Kh8 19. Nd2 Rg8 20. Kb1 Na4 21.
Nxa4 Qxc2+ 22. Ka1 Qxa4 23. Rxd6 Qb4 24. Qd3 Ne8 25. Rd7 Nf6 26. Rd6 Ne8
1/2-1/2

[Event "VIII CAMPEONATO CONTINENTAL DE LAS AMERI"]
[Site "Hotel Casa Campestre - Cochaba"]
[Date "2013.05.12"]
[Round "8"]
[White "Cori T., Deysi"]
[Black "Martinez Alcantara, Jose Eduar"]
[Result "1/2-1/2"]
[WhiteElo "2430"]
[BlackElo "2208"]
[PlyCount "60"]
[EventDate "2013.05.07"]
[EventRounds "11"]
[EventCountry "BOL"]

1. d4 Nf6 2. Nf3 c5 3. e3 g6 4. Be2 Bg7 5. O-O O-O 6. c4 cxd4 7. Nxd4 d5 8.
cxd5 Nxd5 9. Bf3 Nc6 10. Nc3 Nxc3 11. bxc3 Na5 12. Qe2 Bxd4 13. exd4 Be6 14.
Re1 Re8 15. Bh6 Bc4 16. Qd1 f6 17. h4 Bd5 18. Rb1 a6 19. h5 b5 20. hxg6 hxg6
21. Be4 Kf7 22. Qf3 Bxe4 23. Rxe4 Nc4 24. Rbe1 Nb6 25. Qh3 Qc8 26. Re6 Nd5 27.
Bg5 Rh8 28. Qf3 Qxe6 29. Rxe6 Kxe6 30. Qe4+ Kd6 1/2-1/2

[Event "VIII CAMPEONATO CONTINENTAL DE LAS AMERI"]
[Site "Hotel Casa Campestre - Cochaba"]
[Date "2013.05.12"]
[Round "8"]
[White "Campero, Ronald"]
[Black "Prasca Sosa, Rafael"]
[Result "0-1"]
[WhiteElo "2211"]
[BlackElo "2426"]
[PlyCount "60"]
[EventDate "2013.05.07"]
[EventRounds "11"]
[EventCountry "BOL"]

1. c4 e6 2. Nc3 d5 3. cxd5 exd5 4. d4 c6 5. Qc2 Bd6 6. Nf3 Ne7 7. e3 Bf5 8. Bd3
Bxd3 9. Qxd3 Nd7 10. O-O Nf6 11. a3 O-O 12. b4 a6 13. Bb2 Ng6 14. h3 Re8 15.
Nd2 Rc8 16. Rfe1 Bb8 17. Nf1 Ne4 18. Nxe4 dxe4 19. Qb3 Qg5 20. Red1 Nh4 21. g3
Rcd8 22. Rac1 Rd5 23. Rc5 Nf3+ 24. Kg2 Qf5 25. Nd2 h5 26. a4 h4 27. Qc3 hxg3
28. fxg3 Re6 29. Nxe4 Qxe4 30. Kf2 Rg6 0-1

[Event "VIII CAMPEONATO CONTINENTAL DE LAS AMERI"]
[Site "Hotel Casa Campestre - Cochaba"]
[Date "2013.05.12"]
[Round "8"]
[White "Principe, Alexander"]
[Black "Martinez, Ariel A"]
[Result "1/2-1/2"]
[WhiteElo "2261"]
[BlackElo "2203"]
[PlyCount "111"]
[EventDate "2013.05.07"]
[EventRounds "11"]
[EventCountry "BOL"]

1. e4 c5 2. Nf3 d6 3. d4 cxd4 4. Nxd4 Nf6 5. Nc3 g6 6. Be3 Bg7 7. f3 O-O 8. Qd2
Nc6 9. Bc4 Bd7 10. Bb3 Ne5 11. O-O-O Qa5 12. Kb1 Rfc8 13. h4 Nc4 14. Bxc4 Rxc4
15. Nb3 Qc7 16. h5 Be6 17. hxg6 fxg6 18. Nb5 Qd7 19. N5d4 Bf7 20. g4 a5 21. Qd3
a4 22. Nd2 Rcc8 23. g5 Nh5 24. c4 Ra5 25. Rc1 Rac5 26. Ne2 Qe6 27. Nc3 a3 28.
b3 Qe5 29. Rh4 b5 30. f4 bxc4 31. bxc4 Qe6 32. Nd5 Rb8+ 33. Nb3 Rcc8 34. Bd4
Bxd4 35. Qxd4 Ng3 36. Rc2 Rb7 37. Rch2 Qxe4+ 38. Qxe4 Nxe4 39. Rxh7 Kf8 40.
Rh8+ Bg8 41. Kc2 Rxc4+ 42. Kd3 Ra4 43. Nd4 Nc5+ 44. Ke3 Rb2 45. R2h6 Rxd4 46.
Kxd4 Rxa2 47. Rxg6 Rd2+ 48. Kc4 Kf7 49. Rhxg8 Rc2+ 50. Kb4 a2 51. R8g7+ Kf8 52.
Rg8+ Kf7 53. R8g7+ Kf8 54. Rg8+ Kf7 55. R8g7+ Kf8 56. Rg8+ 1/2-1/2

[Event "VIII CAMPEONATO CONTINENTAL DE LAS AMERI"]
[Site "Hotel Casa Campestre - Cochaba"]
[Date "2013.05.12"]
[Round "8"]
[White "Cueto, Jonny"]
[Black "Cori, Jorge"]
[Result "0-1"]
[WhiteElo "2263"]
[BlackElo "2546"]
[PlyCount "54"]
[EventDate "2013.05.07"]
[EventRounds "11"]
[EventCountry "BOL"]

1. e4 c5 2. Nf3 Nc6 3. Nc3 e6 4. Bb5 Nge7 5. O-O a6 6. Bxc6 Nxc6 7. b3 b5 8.
Bb2 Bb7 9. a4 b4 10. Ne2 d5 11. exd5 Qxd5 12. Re1 O-O-O 13. Nf4 Qf5 14. Nd3 Bd6
15. Rc1 f6 16. Qe2 Rhe8 17. h3 a5 18. Nh4 Qd5 19. Qf3 Qxf3 20. Nxf3 e5 21. Re2
Ba6 22. Re3 e4 23. Rce1 f5 24. Bxg7 Rg8 25. Nh4 exd3 26. Nxf5 dxc2 27. Rc1 Bf4
0-1

[Event "VIII CAMPEONATO CONTINENTAL DE LAS AMERI"]
[Site "Hotel Casa Campestre - Cochaba"]
[Date "2013.05.12"]
[Round "8"]
[White "Aguilar, Andres"]
[Black "Perez Garcia, Rodney Oscar"]
[Result "1/2-1/2"]
[WhiteElo "2233"]
[BlackElo "2381"]
[PlyCount "29"]
[EventDate "2013.05.07"]
[EventRounds "11"]
[EventCountry "BOL"]

1. e4 e5 2. Nf3 Nc6 3. Bb5 Bc5 4. c3 Qf6 5. O-O Nge7 6. d4 exd4 7. Bg5 Qg6 8.
Bxe7 Nxe7 9. cxd4 Bb6 10. Nc3 O-O 11. Bd3 d6 12. Re1 Bg4 13. e5 Qh5 14. exd6
Nc6 15. Be2 1/2-1/2

[Event "VIII CAMPEONATO CONTINENTAL DE LAS AMERI"]
[Site "Hotel Casa Campestre - Cochaba"]
[Date "2013.05.12"]
[Round "8"]
[White "Cornejo, Max"]
[Black "Salazar, Carlos"]
[Result "1-0"]
[WhiteElo "2380"]
[BlackElo "2167"]
[PlyCount "103"]
[EventDate "2013.05.07"]
[EventRounds "11"]
[EventCountry "BOL"]

1. e4 e5 2. Nf3 Nc6 3. Bc4 Bc5 4. c3 Nf6 5. d3 d6 6. b4 Bb6 7. O-O O-O 8. a4 a5
9. b5 Ne7 10. Nbd2 Ng6 11. Bb3 c6 12. bxc6 bxc6 13. Nc4 Bc7 14. Re1 Re8 15. Ne3
d5 16. Qc2 h6 17. Ba3 Be6 18. g3 Qd7 19. c4 d4 20. Ng2 Reb8 21. Reb1 Qc8 22.
Nd2 Nd7 23. c5 Ngf8 24. Nh4 g6 25. Nc4 Kg7 26. Nf3 Qd8 27. Kg2 f5 28. Ncd2 Qf6
29. Bc4 f4 30. Rxb8 Rxb8 31. Rb1 Bxc4 32. Nxc4 fxg3 33. hxg3 Qd8 34. Qa2 g5 35.
Nfd2 Kf6 36. Rh1 Kg7 37. Nd6 Bxd6 38. cxd6 Qf6 39. Rb1 Rxb1 40. Qxb1 c5 41. Nc4
g4 42. Qd1 h5 43. Bc1 Nb8 44. f3 gxf3+ 45. Qxf3 Qxf3+ 46. Kxf3 Nc6 47. Bd2 Kf6
48. Bxa5 Ke6 49. Bc7 Nb4 50. Nxe5 Na6 51. Nc4 Kd7 52. Ba5 1-0

[Event "VIII CAMPEONATO CONTINENTAL DE LAS AMERI"]
[Site "Hotel Casa Campestre - Cochaba"]
[Date "2013.05.12"]
[Round "8"]
[White "Rios, Cristhian Camilo"]
[Black "Delgadillo, Adonay"]
[Result "1-0"]
[WhiteElo "2362"]
[BlackElo "2161"]
[PlyCount "72"]
[EventDate "2013.05.07"]
[EventRounds "11"]
[EventCountry "BOL"]

1. d4 Nf6 2. c4 e6 3. Nf3 b6 4. a3 Bb7 5. Nc3 Be7 6. d5 exd5 7. cxd5 O-O 8. g3
d6 9. Bg2 c5 10. dxc6 Nxc6 11. O-O d5 12. b4 Rc8 13. Bb2 Qd7 14. Qb3 Ba6 15.
Rfd1 Bc4 16. Qc2 Qe6 17. Ng5 Qg4 18. Nxd5 Qxg5 19. Qxc4 Nxd5 20. Rxd5 Qh6 21.
Qg4 Bf6 22. Rd6 Bxb2 23. Rxh6 Ne5 24. Qf5 gxh6 25. Rb1 Bc3 26. h4 h5 27. Qxh5
Ng6 28. Qf5 Rfe8 29. Rc1 Ne7 30. Qg4+ Kf8 31. Bb7 Rc7 32. Qf3 Be5 33. Rxc7 Bxc7
34. Qc3 Bd8 35. Qd3 Kg8 36. Be4 h6 1-0

[Event "VIII CAMPEONATO CONTINENTAL DE LAS AMERI"]
[Site "Hotel Casa Campestre - Cochaba"]
[Date "2013.05.12"]
[Round "8"]
[White "Lopez, Mario Iver"]
[Black "Cuellar, Diego"]
[Result "0-1"]
[WhiteElo "2197"]
[BlackElo "2323"]
[PlyCount "69"]
[EventDate "2013.05.07"]
[EventRounds "11"]
[EventCountry "BOL"]

1. e4 e5 2. Nf3 Nc6 3. d4 exd4 4. Nxd4 Nf6 5. Nxc6 bxc6 6. e5 Qe7 7. Qe2 Nd5 8.
c4 Ba6 9. b3 Qh4 10. Bb2 Bb4+ 11. Nd2 Nc3 12. Bxc3 Bxc3 13. O-O-O O-O 14. Kc2
Bb4 15. g3 Qe7 16. f4 Rfe8 17. Qe4 Bb7 18. Bd3 g6 19. h4 d5 20. Qg2 a5 21. a4
Ba6 22. h5 Bxd2 23. hxg6 fxg6 24. Rxd2 dxc4 25. bxc4 Qb4 26. Rb1 Bxc4 27. Bxc4+
Qxc4+ 28. Kd1 Rad8 29. Rc1 Qxa4+ 30. Rcc2 Qb5 31. Kc1 Rd5 32. Rxd5 cxd5 33.
Rxc7 Rb8 34. Rc2 Qb1+ 35. Kd2 0-1

[Event "VIII CAMPEONATO CONTINENTAL DE LAS AMERI"]
[Site "Hotel Casa Campestre - Cochaba"]
[Date "2013.05.12"]
[Round "8"]
[White "Sabas, Jorge"]
[Black "Chumpitaz, Ann"]
[Result "1/2-1/2"]
[WhiteElo "2302"]
[BlackElo "2155"]
[PlyCount "129"]
[EventDate "2013.05.07"]
[EventRounds "11"]
[EventCountry "BOL"]

1. d4 Nf6 2. c4 g6 3. Nc3 Bg7 4. e4 d6 5. Be2 O-O 6. Bg5 c5 7. d5 h6 8. Bf4 Qa5
9. Qd2 Kh7 10. Nf3 a6 11. O-O Nbd7 12. e5 dxe5 13. Nxe5 Nxe5 14. Bxe5 Ne4 15.
Qf4 Nxc3 16. Bxc3 Bxc3 17. bxc3 Qxc3 18. Qc7 Qf6 19. Qxc5 Bf5 20. Rfe1 Rac8 21.
Qa3 Rfd8 22. Bf1 Rd6 23. Rad1 Rcd8 24. Qf3 b6 25. h3 Kg7 26. Qe2 Kf8 27. Qe3 g5
28. Qa3 Bc8 29. Rd3 R8d7 30. Be2 Qf4 31. Re3 Rf6 32. Bf3 Qd6 33. Qc3 Rc7 34.
Qb2 Qc5 35. Rd1 Kg8 36. Rde1 Qd6 37. Qe2 Kf8 38. Re4 Rf4 39. Rxf4 Qxf4 40. Qb2
Kg8 41. d6 Qxd6 42. Rd1 Qf6 43. Qxf6 exf6 44. Rd6 Rxc4 45. Rxb6 Kg7 46. Bd5 Rc5
47. Bb3 a5 48. Rd6 Re5 49. f3 Be6 50. Kf2 Rb5 51. Bxe6 Rb2+ 52. Kg3 fxe6 53.
Rxe6 Rxa2 54. Ra6 Kg6 55. h4 gxh4+ 56. Kxh4 a4 57. g4 a3 58. Kg3 Ra1 59. Kf4 a2
60. Ra7 h5 61. gxh5+ Kxh5 62. Kf5 Kh4 63. f4 Kg3 64. Ra3+ Kh4 65. Ra8 1/2-1/2

[Event "VIII CAMPEONATO CONTINENTAL DE LAS AMERI"]
[Site "Hotel Casa Campestre - Cochaba"]
[Date "2013.05.12"]
[Round "8"]
[White "Molina, Jorge"]
[Black "Gemy, Jose Daniel"]
[Result "0-1"]
[WhiteElo "2144"]
[BlackElo "2320"]
[PlyCount "39"]
[EventDate "2013.05.07"]
[EventRounds "11"]
[EventCountry "BOL"]

1. d4 Nf6 2. Nf3 e6 3. g3 b6 4. Bg2 Bb7 5. O-O d6 6. c4 Nbd7 7. Nc3 g6 8. Qc2
Bg7 9. Rd1 O-O 10. b3 Qe7 11. Bb2 a6 12. Rd2 Rad8 13. Rad1 Bh6 14. e3 Ne8 15.
Re2 f5 16. Bc1 Ndf6 17. Ree1 g5 18. d5 e5 19. Qxf5 Nxd5 20. Nxd5 0-1

[Event "VIII CAMPEONATO CONTINENTAL DE LAS AMERI"]
[Site "Hotel Casa Campestre - Cochaba"]
[Date "2013.05.12"]
[Round "8"]
[White "Mendoza, Rodrigo"]
[Black "Rojas Barrero, Andres Humberto"]
[Result "1-0"]
[WhiteElo "2148"]
[BlackElo "2227"]
[PlyCount "57"]
[EventDate "2013.05.07"]
[EventRounds "11"]
[EventCountry "BOL"]

1. d4 f5 2. c4 Nf6 3. Nc3 g6 4. Nf3 Bg7 5. e3 O-O 6. Be2 d6 7. O-O Qe8 8. b4 e5
9. dxe5 dxe5 10. Bb2 e4 11. Nd2 Nc6 12. c5 Be6 13. a3 Rd8 14. Qc2 Qf7 15. Nb5
Nd5 16. Bxg7 Qxg7 17. Nb3 Ne5 18. N3d4 Bf7 19. Nxa7 c6 20. b5 Ra8 21. b6 h5 22.
a4 Ng4 23. Bxg4 hxg4 24. a5 Qh6 25. a6 Nb4 26. Qc3 Nxa6 27. Naxc6 bxc6 28. Rxa6
Bd5 29. Rd1 1-0

[Event "VIII CAMPEONATO CONTINENTAL DE LAS AMERI"]
[Site "Hotel Casa Campestre - Cochaba"]
[Date "2013.05.12"]
[Round "8"]
[White "Kropff, Ricardo"]
[Black "Celis, Kevin"]
[Result "1/2-1/2"]
[WhiteElo "2224"]
[BlackElo "2134"]
[PlyCount "30"]
[EventDate "2013.05.07"]
[EventRounds "11"]
[EventCountry "BOL"]

1. c4 e5 2. Nc3 Nc6 3. g3 g6 4. Bg2 Bg7 5. d3 d6 6. e3 f5 7. Nge2 Nf6 8. O-O
O-O 9. b3 g5 10. f4 gxf4 11. exf4 Qe7 12. Qd2 e4 13. Bb2 Nb4 14. dxe4 fxe4 15.
Nd1 Nd3 1/2-1/2

[Event "VIII CAMPEONATO CONTINENTAL DE LAS AMERI"]
[Site "Hotel Casa Campestre - Cochaba"]
[Date "2013.05.12"]
[Round "8"]
[White "Arias, Juan Carlos"]
[Black "Cornejo P, Guillermo"]
[Result "0-1"]
[WhiteElo "2113"]
[BlackElo "2222"]
[PlyCount "84"]
[EventDate "2013.05.07"]
[EventRounds "11"]
[EventCountry "BOL"]

1. c4 Nf6 2. Nc3 g6 3. g3 Bg7 4. Bg2 d6 5. d3 O-O 6. e4 e5 7. Nge2 Nc6 8. O-O
Be6 9. h3 Ne8 10. Be3 Qd7 11. Kh2 Nd4 12. f4 c6 13. Bg1 Nxe2 14. Qxe2 Nc7 15.
Rad1 exf4 16. gxf4 Rfe8 17. f5 Bxf5 18. Qf2 Be5+ 19. Kh1 Bxh3 20. d4 Bxg2+ 21.
Qxg2 Bg7 22. Rf3 Rf8 23. Rdf1 Rae8 24. Be3 Qe6 25. d5 Qd7 26. Rh3 f5 27. Bh6
fxe4 28. Rxf8+ Rxf8 29. Bxg7 Qxg7 30. dxc6 bxc6 31. Nxe4 Qe5 32. Rd3 Qh5+ 33.
Rh3 Qd1+ 34. Kh2 Ne6 35. Nc3 Qe1 36. Rf3 Qh4+ 37. Kg1 Qd4+ 38. Kh2 Qe5+ 39. Kg1
Nf4 40. Qg3 Qc5+ 41. Kh2 Qh5+ 42. Kg1 Ne2+ 0-1

[Event "VIII CAMPEONATO CONTINENTAL DE LAS AMERI"]
[Site "Hotel Casa Campestre - Cochaba"]
[Date "2013.05.12"]
[Round "8"]
[White "Aliaga Fernandez, Ingrid Y"]
[Black "Arias, Pablo"]
[Result "0-1"]
[WhiteElo "2184"]
[BlackElo "2050"]
[PlyCount "98"]
[EventDate "2013.05.07"]
[EventRounds "11"]
[EventCountry "BOL"]

1. e4 c5 2. Nf3 Nc6 3. c4 e5 4. Nc3 Nf6 5. Be2 d6 6. d3 Be7 7. O-O O-O 8. a3
Nd4 9. Nxd4 cxd4 10. Nd5 Nxd5 11. cxd5 f5 12. f4 fxe4 13. dxe4 Qb6 14. Qd3 exf4
15. Bxf4 Qxb2 16. Rac1 Rxf4 17. Rxc8+ Rxc8 18. Rxf4 Rc3 19. Qb5 Qxb5 20. Bxb5
Bf6 21. Rf3 a6 22. Be2 Bg5 23. h3 b5 24. Rxc3 dxc3 25. Bd1 Kf7 26. Kf2 Ke7 27.
Ke2 Kd7 28. Kd3 Bf6 29. a4 Kc7 30. axb5 axb5 31. Bg4 Kb6 32. Bd1 Kc5 33. Be2
Kb4 34. Kc2 Ka4 35. Bd3 Be5 36. Be2 Kb4 37. Bd1 Kc4 38. Be2+ Kd4 39. Bxb5 Ke3
40. Bd7 Kf2 41. g4 g5 42. Bf5 h6 43. Be6 Kg3 44. Bg8 Kxh3 45. Kd3 Kg3 46. Kc2
Kf3 47. Kd3 Kf4 48. Kc2 Kxe4 49. Bf7 Bd4 0-1

[Event "VIII CAMPEONATO CONTINENTAL DE LAS AMERI"]
[Site "Hotel Casa Campestre - Cochaba"]
[Date "2013.05.12"]
[Round "8"]
[White "Saavedra, Carlos"]
[Black "Cortes Orihuela, Javier"]
[Result "0-1"]
[WhiteElo "2179"]
[BlackElo "2032"]
[PlyCount "152"]
[EventDate "2013.05.07"]
[EventRounds "11"]
[EventCountry "BOL"]

1. e4 e5 2. Nf3 Nc6 3. Bb5 a6 4. Ba4 Nf6 5. O-O Be7 6. Re1 b5 7. Bb3 d6 8. c3
O-O 9. h3 Nb8 10. d4 Nbd7 11. Nbd2 Bb7 12. Bc2 Re8 13. Nf1 Bf8 14. Ng3 g6 15.
Nh2 c5 16. d5 c4 17. Be3 h5 18. Qd2 Nc5 19. Bg5 Be7 20. Nf3 Nh7 21. Be3 Qc7 22.
b3 cxb3 23. axb3 Rec8 24. Rec1 h4 25. Ne2 Nf6 26. Ng5 Rcb8 27. f4 exf4 28. Bxf4
Nh5 29. Rf1 Bf6 30. Rae1 Qe7 31. b4 Nd7 32. Be3 Ne5 33. Bb3 Rc8 34. Nd4 Rc7 35.
Ngf3 Ng3 36. Bf2 Nxf1 37. Kxf1 Nxf3 38. gxf3 Rac8 39. Rc1 Qd7 40. Kg2 Re8 41.
Be3 Bc8 42. Rh1 Bb7 43. Rc1 Ra8 44. Ne2 a5 45. bxa5 Rcc8 46. Bb6 Bd8 47. Qh6
Bxb6 48. axb6 Qe7 49. Qd2 Ra6 50. Kh1 Rxb6 51. Rg1 Ra6 52. Nd4 Kf8 53. Qh6+ Ke8
54. Nxb5 Rc5 55. c4 Qf6 56. Qe3 Kd8 57. f4 Qe7 58. Qd4 Ra5 59. Bd1 Raxb5 60.
cxb5 Qd7 61. Bg4 f5 62. Bf3 fxe4 63. Bg4 Qxb5 64. Qf6+ Kc7 65. Qe7+ Kb8 66.
Qxd6+ Rc7 67. Rc1 Qa5 68. Be6 e3 69. Kg1 e2 70. Kf2 Ka7 71. Re1 Qc3 72. f5 Ba6
73. Kg2 gxf5 74. Qf4 Rg7+ 75. Kh2 Qxe1 76. Qd4+ Ka8 0-1

[Event "VIII CAMPEONATO CONTINENTAL DE LAS AMERI"]
[Site "Hotel Casa Campestre - Cochaba"]
[Date "2013.05.12"]
[Round "8"]
[White "Aguilar, Luis Miguel"]
[Black "Lopez, Diego"]
[Result "1-0"]
[WhiteElo "1903"]
[BlackElo "2171"]
[PlyCount "99"]
[EventDate "2013.05.07"]
[EventRounds "11"]
[EventCountry "BOL"]

1. Nf3 c5 2. c4 Nf6 3. g3 b6 4. Bg2 Bb7 5. O-O e6 6. Nc3 Be7 7. d3 O-O 8. a3
Nc6 9. Rb1 d5 10. cxd5 exd5 11. d4 c4 12. Ne5 Re8 13. b3 cxb3 14. Nxc6 Bxc6 15.
Qxb3 Ne4 16. Be3 Bg5 17. Bxg5 Qxg5 18. Nxe4 dxe4 19. e3 h5 20. Rfc1 Bd5 21. Qb5
h4 22. Rc7 hxg3 23. hxg3 Rac8 24. Rxc8 Rxc8 25. Bxe4 Rd8 26. Bxd5 Qxd5 27. Qxd5
Rxd5 28. Kf1 Ra5 29. Rb3 Kf8 30. Ke2 Ke7 31. e4 g5 32. Kd3 f5 33. f3 Kd6 34. g4
f4 35. Kc4 Ra4+ 36. Kd3 Kc6 37. Rc3+ Kd6 38. Rb3 Kc6 39. Kc3 Kd6 40. Kd3 Kc6
41. Rc3+ Kd6 42. d5 Ke5 43. Kc2 b5 44. Rd3 Ra6 45. Kb3 Kd6 46. Kb4 Rb6 47. Rc3
Ke5 48. Rc6 Rb8 49. Kc5 Re8 50. Re6+ 1-0

[Event "VIII CAMPEONATO CONTINENTAL DE LAS AMERI"]
[Site "Hotel Casa Campestre - Cochaba"]
[Date "2013.05.12"]
[Round "8"]
[White "Parraga, Alejandro"]
[Black "Avila, Carlos"]
[Result "1/2-1/2"]
[WhiteElo "2163"]
[BlackElo "1848"]
[PlyCount "87"]
[EventDate "2013.05.07"]
[EventRounds "11"]
[EventCountry "BOL"]

1. d4 Nf6 2. c4 c5 3. d5 b5 4. cxb5 a6 5. b6 e6 6. Nc3 Nxd5 7. Nxd5 exd5 8.
Qxd5 Nc6 9. e4 Be7 10. Bc4 O-O 11. Nf3 Qxb6 12. O-O d6 13. Qd3 Be6 14. Bxe6
fxe6 15. Qc4 Nd8 16. Qb3 Qb5 17. Qc2 d5 18. exd5 exd5 19. Bg5 Bf6 20. Rac1 Ne6
21. Qf5 Qd7 22. Bxf6 Rxf6 23. Qe5 Raf8 24. Rcd1 Nf4 25. Kh1 Qg4 26. Qg5 Qxg5
27. Nxg5 Rg6 28. Nf3 Nxg2 29. Ne5 Rg5 30. Nd7 Rf7 31. Nxc5 Nf4 32. Rd4 Ne2 33.
Rb4 h6 34. f4 Rgf5 35. Nxa6 d4 36. Rb8+ Kh7 37. Nb4 Rd7 38. Nd3 g5 39. Re8 Nxf4
40. a4 Rfd5 41. Rf3 Rb7 42. Nxf4 gxf4 43. Rd3 Rc5 44. Re4 1/2-1/2

[Event "VIII CAMPEONATO CONTINENTAL DE LAS AMERI"]
[Site "Hotel Casa Campestre - Cochaba"]
[Date "2013.05.12"]
[Round "8"]
[White "Gamboa, Anibal"]
[Black "Arias, Juan Cruz"]
[Result "1/2-1/2"]
[WhiteElo "2126"]
[BlackElo "1933"]
[PlyCount "66"]
[EventDate "2013.05.07"]
[EventRounds "11"]
[EventCountry "BOL"]

1. b3 e6 2. Bb2 d5 3. e3 f5 4. f4 Nf6 5. Nf3 Bd6 6. Na3 c6 7. Be2 O-O 8. c4
Nbd7 9. Nc2 Qe7 10. d4 Ne4 11. O-O g5 12. g3 Qg7 13. Kh1 g4 14. Nd2 Ndf6 15.
Bd3 Nxd2 16. Qxd2 Qe7 17. a4 b6 18. a5 Bd7 19. Ra2 b5 20. Ba3 bxc4 21. Bxd6
Qxd6 22. bxc4 dxc4 23. Bxc4 c5 24. Qd3 Bc6+ 25. Kg1 Be4 26. Qc3 Nd5 27. Bxd5
Qxd5 28. Ra4 cxd4 29. Rxd4 Rac8 30. Qxc8 Rxc8 31. Rxd5 exd5 32. Nd4 Rc5 33. Ra1
Kf7 1/2-1/2

[Event "VIII CAMPEONATO CONTINENTAL DE LAS AMERI"]
[Site "Hotel Casa Campestre - Cochaba"]
[Date "2013.05.12"]
[Round "8"]
[White "Monroy, Osvaldo"]
[Black "Ferrufino, Boris"]
[Result "0-1"]
[WhiteElo "1954"]
[BlackElo "2211"]
[PlyCount "78"]
[EventDate "2013.05.07"]
[EventRounds "11"]
[EventCountry "BOL"]

1. e4 c5 2. Nc3 Nc6 3. g3 g6 4. Bg2 Bg7 5. Nge2 e6 6. O-O Nge7 7. d3 O-O 8. Be3
Nd4 9. f4 d6 10. Rb1 Rb8 11. Qd2 Qa5 12. a3 Nxe2+ 13. Nxe2 Qxd2 14. Bxd2 Nc6
15. c3 b6 16. Be3 Ba6 17. Rfd1 Rbc8 18. Kf2 Rfd8 19. g4 Ne7 20. h4 f5 21. gxf5
gxf5 22. Bh3 Bf6 23. h5 Kf7 24. exf5 Nxf5 25. Bxf5 exf5 26. c4 Bh4+ 27. Kf1 Rg8
28. Bf2 Rg4 29. b3 Bb7 30. d4 Bxf2 31. Kxf2 Rg2+ 32. Kf1 Bf3 33. Ng1 Be4 34.
Nh3 h6 35. dxc5 bxc5 36. Nf2 Rcg8 37. Nxe4 fxe4 38. b4 e3 39. Ke1 Rf2 0-1

[Event "VIII CAMPEONATO CONTINENTAL DE LAS AMERI"]
[Site "Hotel Casa Campestre - Cochaba"]
[Date "2013.05.12"]
[Round "8"]
[White "Sanchez Sandoval, Gonzalo"]
[Black "Ramirez, M. Eugenia"]
[Result "1-0"]
[WhiteElo "2103"]
[BlackElo "1996"]
[PlyCount "51"]
[EventDate "2013.05.07"]
[EventRounds "11"]
[EventCountry "BOL"]

1. e4 e5 2. Nf3 Nc6 3. d4 exd4 4. Nxd4 Qh4 5. Nc3 Bb4 6. Be2 Qxe4 7. Ndb5 Ba5
8. O-O Qh4 9. Nd5 Qd8 10. Bf4 d6 11. b4 Nxb4 12. Nxb4 Bxb4 13. Qd4 Ba5 14. Qa4
g5 15. Nxc7+ Kf8 16. Qxa5 gxf4 17. Qc3 Rb8 18. Qxh8 Qxc7 19. Bd3 f5 20. Rfe1 b5
21. Rab1 a6 22. a4 b4 23. Re8+ Kxe8 24. Qxg8+ Kd7 25. Bxf5+ Kc6 26. Qc4+ 1-0

[Event "VIII CAMPEONATO CONTINENTAL DE LAS AMERI"]
[Site "Hotel Casa Campestre - Cochaba"]
[Date "2013.05.12"]
[Round "8"]
[White "Aguilar, Pedro"]
[Black "Herrera, Fernando"]
[Result "1/2-1/2"]
[WhiteElo "1987"]
[BlackElo "2086"]
[PlyCount "45"]
[EventDate "2013.05.07"]
[EventRounds "11"]
[EventCountry "BOL"]

1. c4 e5 2. g3 Nf6 3. Bg2 Bc5 4. Nc3 O-O 5. d3 Nc6 6. Nf3 d6 7. O-O a6 8. a3
Bg4 9. h3 Bd7 10. b4 Ba7 11. e3 Re8 12. Qc2 Ne7 13. Bb2 c6 14. Ne2 Ng6 15. e4
c5 16. Bc3 Nf8 17. Rab1 Ne6 18. Kh2 Qc7 19. Nd2 Nd4 20. Bxd4 cxd4 21. f4 Rac8
22. Rfc1 a5 23. Qb2 1/2-1/2